00762nam a2200217Ia 450000500170000000800410001702000140005804000190007204100120009108200130010310000170011624501190013326000460025230000340029850400500033265000280038285000100041094200070042099900160042795201010044320230715102734.0131103s9999 xx 000 0 und d a674930568 aLoreto College aEnglish a973bNAS aNash,Gray B. 4aThe Urban Crucibleb social change,political consciosness and the origins of the American Revolution cGary B.Nash aCambridgebHarvard University Pressc1979 axix,548 p.b ill.,fig.,tables aIncludes bibliographical references and index aUnited States - History aLCLIB cBK c7680d58159 00102ddc4070aMAINbMAINd2013-11-04l0o973 NAS 26845pB7552r2013-11-04w2013-11-04yBKf